Pablo : (Registro nro. 7650)

Detalles MARC
000 -LIDER
fixed length control field 01921nam a2200289 a 4500
001 - NÚMERO DE CONTROL
Identificador de número de control 000000821
003 - IDENTIFICACDOR DE NÚMERO DE CONTROL
control field DO-SdBNP
005 - DATE AND TIME OF LATEST TRANSACTION
control field 20180213124942.0
007 - CAMPOS FIJOS DE DESCRIPCIÓN FÍSICA
fixed length control field 000000821
008 - ELEMENTOS DE LONGITUD FIJA
fixed length control field 090522s2002 dr ab 000 0 spa d
020 ## - ISBN
International Standard Book Number 9993402443
040 ## - FUENTE DE CATALOGACIÓN
Agencia que crea de manera original el registro BPMSU
Idioma de catalogación spa
Agencia que realiza la transcripción BPMSU
082 #4 - NÚMERO DE CLASIFICACIÓN DECIMAL DE DEWEY
Classification number 225.92
Item number G887p
100 1# - ASIENTO PRINCIPAL -- NOMBRE PERSONAL
Nombre personal Grullón, Sandino
245 10 - MENCIÓN DE TITULO
Título Pablo :
Subtítulo el otro Cristo /
Mención de responsabilidad Sandino Grullón.
260 ## - PUBLICACIÓN, DISTRIBUCIÓN, ETC. (PIE DE IMPRENTA)
Lugar de publicación, distribución, etc Santo Domingo :
Nombre del editor, distribuidor, etc. Unión y Paz,
Fecha de publicación, distribución, etc 2002.
300 ## - DESCRIPCIÓN FÍSICA
Extensión 267 p. :
Otros detalles físicos il., mapas ;
Dimensiones 24 cm.
500 ## - NOTA GENERAL
Nota general Al pie de de la portada Saulo ¿ Por qué me persigues ? dura casa te es dar coces contra el aquijón
505 0# - NOTA DE CONTENIDO
Información miscelánea Prólogo --
Título Asesinato de Esteban --
-- Conversión de Saulo --
-- Pedro: pastor de la iglesia de Jesucristo --
-- Pablo: apóstol del Cristo resucitado. Pablo y Bernabé en Antioquía de Pisidia. Pablo y Bernabé en Iconio y Listra. El concilio de Jerusalén --
-- El ministerio de Jesucristo. Jesús muere en la cruz. La resurreción de Jesús. El Espíritu Santo --
-- Segundo viaje de Pablo. Pablo en Atenas. Pablo en Corintio y Efeso --
-- Cartas a los Tesalonicenses --
-- Pablo escribe a los Gálatas --
-- Primera carta a los Corintios --
-- Primera carta a Timoteo --
-- Segunda carta a los Corintios --
-- Carta a Tito --
-- Epístola a los Romanos --
-- Pablo en Jerusalén --
-- Apresan a Pablo. Juicio ante el gobernador Félix --
-- Carta a los Filipenses --
-- Pablo ante Festo y el Rey Agripa --
-- El viaje a Roma --
-- Pablo en Roma --
-- Segunda carta a Timoteo --
-- Carta a Filemón --
-- Carta a los Colosenses --
-- Epístola a los Efesios --
Información miscelánea Conclusión --
-- Base de datos.
650 #4 - ENCABEZAMIENTO DE MATERIA--TEMÁTICO
Término temático o nombre geográfico como elemento de entrada BIBLIA
Subdivisión temática general N.T.
-- EPÍSTOLAS DE SAN PABLO
-- CRÍTICA E INTERPRETACIÓN
650 #4 - ENCABEZAMIENTO DE MATERIA--TEMÁTICO
Término temático o nombre geográfico como elemento de entrada BIBLIA
Subdivisión temática general N. T.
-- HECHOS DE LOS APÓSTOLES
-- COMENTARIOS
650 #4 - ENCABEZAMIENTO DE MATERIA--TEMÁTICO
Término temático o nombre geográfico como elemento de entrada CRISTIANISMO
910 ## - VALIDACIÓN
Validación Validado. Control de calidad EMS.
942 ## - ADDED ENTRY ELEMENTS (KOHA)
Source of classification or shelving scheme Dewey Decimal Classification
Koha item type Libros
945 ## - INFORMACIÓN DE PROCESAMIENTO LOCAL
Información de procesamiento local Inventariado / 2018 VM
956 ## - LOCAL ELECTRONIC LOCATION AND ACCESS (OCLC)
Nombre de host VMATEO
Número de acceso 10
Información de compresión 20150415
Inicio de sesión BPMSU
Procesador de solicitud 00151
Existencias
Withdrawn status Lost status Source of classification or shelving scheme Damaged status Not for loan Collection code Home library Current library Date acquired Total Checkouts Full call number Barcode Date last seen Copy number Price effective from Koha item type
    Dewey Decimal Classification     Colección Dominicana Biblioteca Pública Metropolitana Salomé Ureña Biblioteca Pública Metropolitana Salomé Ureña 04/15/2015   225.92 G887p BPMSU15040414 04/15/2015 04/15/2015 Libros
    Dewey Decimal Classification     Colección Dominicana Biblioteca Pública Metropolitana Salomé Ureña Biblioteca Pública Metropolitana Salomé Ureña 04/15/2015   225.92 G887p BPMSU15040415 04/15/2015 e. 2 04/15/2015 Libros
    Dewey Decimal Classification     Colección Dominicana Biblioteca Pública Metropolitana Salomé Ureña Biblioteca Pública Metropolitana Salomé Ureña 02/13/2018   225.92 G887p BPMSU18020140 02/13/2018 e. 3   Libros